University Home | Library Home | Institutional Repository

The history of the Universities' Mission to Central Africa / (Record no. 216572)

MARC details
000 -LEADER
fixed length control field 00670nam a22001937a 4500
005 - DATE AND TIME OF LATEST TRANSACTION
control field 20260410082024.0
008 - FIXED-LENGTH DATA ELEMENTS--GENERAL INFORMATION
fixed length control field 260410b |||||||| |||| 00| 0 eng d
040 ## - CATALOGING SOURCE
Original cataloging agency LC
Transcribing agency UNZA
Modifying agency UNZA
Description conventions RDA
050 ## - LIBRARY OF CONGRESS CALL NUMBER
Classification number ZAMB BV3520
100 ## - MAIN ENTRY--PERSONAL NAME
9 (RLIN) Blood, A.G
245 ## - TITLE STATEMENT
Title The history of the Universities' Mission to Central Africa /
Statement of responsibility, etc. Blood, A.G
260 ## - PUBLICATION, DISTRIBUTION, ETC.
Place of publication, distribution, etc. London :
Name of publisher, distributor, etc. The Universities' Mission to Central Africa.
Date of publication, distribution, etc. 1957.
300 ## - PHYSICAL DESCRIPTION
Extent 326 pages :
Other physical details illustrations.
610 ## - SUBJECT ADDED ENTRY--CORPORATE NAME
Corporate name or jurisdiction name as entry element Universities' Mission to Central Africa.
650 ## - SUBJECT ADDED ENTRY--TOPICAL TERM
Topical term or geographic name entry element Church of England
General subdivision Missions.
650 ## - SUBJECT ADDED ENTRY--TOPICAL TERM
Topical term or geographic name entry element Africa, Central.
General subdivision Missions.
710 ## - ADDED ENTRY--CORPORATE NAME
Corporate name or jurisdiction name as entry element Universities' Mission to Central Africa.
942 ## - ADDED ENTRY ELEMENTS (KOHA)
Koha item type Zambian collection
999 ## -
-- 216572
-- 216572
Holdings
Withdrawn status Lost status Source of classification or shelving scheme Damaged status Not for loan Home library Current library Shelving location Date acquired Total Checkouts Full call number Barcode Date last seen Copy number Price effective from Koha item type
    Library of Congress Classification     Main Library Main Library Special collections 04/10/2026   ZAMB BV3520 BLO 1957 33729001861785 04/10/2026 Vol. II 04/10/2026 Zambian collection
© 2026 - The University of Zambia Library - Koha v25.11